FRANZ VE ARKADAŞLIK HİKAYESİ (Record no. 1172725)

MARC details
000 -LEADER
sabit uzunluktaki kontrol alanı 00282nam a2200097Ia 4500
001 - KONTROL NUMARASI
kontrol alanı 1172725
005 - EN SON İŞLEMİN TARİH VE ZAMANI
kontrol alanı 20250827012600.0
008 - SABİT-UZUNLUKTA VERİ ÖĞELERİ--GENEL BİLGİ
sabit uzunluktaki kontrol alanı 250824s9999 xx 000 0 und d
245 #0 - ESER / YAZAR
ESER ADI FRANZ VE ARKADAŞLIK HİKAYESİ
Yazar Adı CHRISTINE NÖSTLINGER
260 ## - YAYIN, DAĞITIM, VB.
YAYIN EVİ GÜNIŞIGI KİTAPLIĞI YAYINLARI
Holdings
Düşüm durumu Kayıp durumu Hasar Durumu Ödünç verilmez Ana kütüphane Geçerli Kütüphane Edinilen tarih Toplam ödünç verme sayısı Barkod Son görüntüleme tarihi Fiyatın geçerli olmaya başladığı tarih Koha materyal türü
        TALHA BAYRAKÇI İMAM HATİP ORTAOKULU TALHA BAYRAKÇI İMAM HATİP ORTAOKULU 24.08.2025   10298769178 27.08.2025 27.08.2025 Books